Les 20 villes les plus peuplées des Deux-Sèvres sur une carte - Statistiques

Statistiques générales
  • Ce quiz a été pris 85 fois
  • Le résultat moyen est 9 sur 20
Réponses sur la Carte
Les réponses sont colorées sur une échelle allant du rouge au vert en fonction du pourcentage des utilisateurs qui les ont devinées à leur premier essai. Vous pouvez retrouver ces pourcentages ci-dessous.
 
Statistiques - réponses
Population Ville % Correct
60 074 Niort
99%
19 860 Bressuire
89%
10 121 Parthenay
86%
13 949 Thouars
77%
7 433 Saint-Maixent-l'École
62%
5 790 Melle
59%
8 585 Mauléon
51%
7 173 Chauray
48%
5 681 La Crèche
38%
4 795 Cerizay
37%
3 295 Airvault
34%
3 536 Échiré
34%
5 100 Moncoutant-sur-Sèvre
34%
5 423 Aiffres
33%
3 834 Celles-sur-Belle
33%
5 529 Nueil-les-Aubiers
26%
2 968 Frontenay-Rohan-Rohan
25%
3 538 Vouillé
23%
4 685 Aigondigné
22%
3 229 Argentonnay
22%
Aucun quiz correspondant
Distribution des résultats
% des personnes avec chaque résultat
Percentile par nombre de réponses
Votre historique - résultats
Vous n’avez pas pris ce quiz